[Event "Budapest Vezerkepzo Fall IM"]
[Site "Budapest"]
[Date "2022.10.29"]
[Round "6"]
[White "Majoros, Rozsa Evelin"]
[Black "Farago, Sandor"]
[Result "1-0"]
[WhiteElo "2059"]
[BlackElo "2113"]
[PlyCount "57"]
[EventDate "2022.10.24"]
[EventType "tourn"]
[EventRounds "9"]
[EventCountry "HUN"]
[SourceTitle "EXT 2024"]
[Source "ChessBase"]
[SourceDate "2023.10.10"]
[SourceVersion "1"]
[SourceVersionDate "2023.10.10"]
[SourceQuality "1"]

1. e4 c5 2. Nf3 Nc6 3. d4 cxd4 4. Nxd4 Nf6 5. Nc3 d6 6. f3 e6 7. Be3 Be7 8. Qd2 a6 9. 0-0-0 Qc7 10. g4 h6 11. h4 Bd7 12. Be2 0-0-0 13. Rdg1 Nxd4 14. Qxd4 g6 15. Qa7 Qb8 16. Qb6 Ne8 17. Rd1 Nc7 18. Rd4 Bc6 19. Na4 d5 20. Bf4 Bd6 21. Bxd6 Rxd6 22. Qc5 Na8 23. Rhd1 Rhd8 24. exd5 exd5 25. f4 b5 26. Rxd5 Rxd5 27. Qxc6+ Qc7 28. Qxa8+ Qb8 29. Nb6+ 1-0

[Event "Budapest Vezerkepzo Fall IM"]
[Site "Budapest"]
[Date "2022.10.24"]
[Round "1"]
[White "Majoros, Rozsa Evelin"]
[Black "Farkas, Gabor"]
[Result "0-1"]
[WhiteElo "2059"]
[BlackElo "2305"]
[PlyCount "120"]
[EventDate "2022.10.24"]
[EventType "tourn"]
[EventRounds "9"]
[EventCountry "HUN"]
[SourceTitle "EXT 2024"]
[Source "ChessBase"]
[SourceDate "2023.10.10"]
[SourceVersion "1"]
[SourceVersionDate "2023.10.10"]
[SourceQuality "1"]

1. e4 e5 2. Nf3 Nc6 3. Bb5 a6 4. Ba4 Nge7 5. 0-0 g6 6. c3 Bg7 7. d4 exd4 8. cxd4 b5 9. Bb3 0-0 10. Nc3 d6 11. h3 Na5 12. Bc2 c5 13. Be3 Nc4 14. Qc1 Nxe3 15. Qxe3 Qb6 16. Rfd1 Re8 17. dxc5 dxc5 18. Qf4 Qf6 19. Qc7 Bxh3 20. Qxc5 Rac8 21. Qe3 Bg4 22. e5 Qc6 23. Nd4 Qb6 24. Re1 Red8 25. Nf5 Qxe3 26. Nxe3 Be6 27. f4 b4 28. Ne4 Nf5 29. Ba4 Rd4 30. Nxf5 gxf5 31. Nd6 Rd8 32. Rf1 Bh6 33. Rad1 Bxf4 34. Rxd4 Be3+ 35. Kh1 Bxd4 36. Nxf5 Bxb2 37. Ne7+ Kf8 38. Nc6 Rd2 39. Rd1 Rxd1+ 40. Bxd1 Bxa2 41. Nxb4 Bc4 42. Nc6 Bb5 43. Bf3 Bc3 44. Bd5 a5 45. Nd8 Bxe5 46. Nxf7 Bf4 47. Nd8 Ke7 48. Ne6 Be3 49. g4 Bd7 50. Ng7 Bxg4 51. Be4 Kf6 52. Ne8+ Ke5 53. Bxh7 Bf3+ 54. Kh2 Bc6 55. Ng7 a4 56. Bb1 a3 57. Nf5 Bf4+ 58. Ng3 Be4 59. Ba2 Bd5 60. Bb1 Kd4 0-1

[Event "HUN-ch Rapid"]
[Site "Ajka"]
[Date "2022.07.15"]
[Round "4"]
[White "Majoros, Rozsa Evelin"]
[Black "Balint, Vilmos"]
[Result "0-1"]
[WhiteElo "2059"]
[BlackElo "2283"]
[PlyCount "100"]
[EventDate "2022.07.15"]
[EventType "swiss (rapid)"]
[EventRounds "13"]
[EventCountry "HUN"]
[SourceTitle "CBM 209 Extra"]
[Source "ChessBase"]
[SourceDate "2022.09.30"]
[SourceVersion "1"]
[SourceVersionDate "2022.09.30"]
[SourceQuality "1"]

1. e4 e6 2. d4 d5 3. Nd2 c5 4. exd5 exd5 5. c3 cxd4 6. cxd4 Nc6 7. Ngf3 Bg4 8. h3 Bf5 9. Bb5 Qb6 10. Qe2+ Be7 11. 0-0 a6 12. Bd3 Bxd3 13. Qxd3 Nf6 14. Nb3 0-0 15. Bf4 Nb4 16. Qe2 Rfe8 17. Ne5 Rac8 18. Qd1 Ne4 19. Qh5 g6 20. Qf3 Rc2 21. Bd2 f6 22. Bxb4 Bxb4 23. Nd3 Bd6 24. Rac1 Rc4 25. Nbc5 Rxd4 26. Nd7 Qd8 27. N3c5 Kg7 28. Rfe1 Nxc5 29. Rxe8 Qxd7 30. Qe3 Re4 31. Rxe4 Nxe4 32. Rd1 Bc5 33. Qxe4 d4 34. b4 Ba7 35. Qf4 Bb6 36. Qe4 h5 37. a4 Qxa4 38. Qxb7+ Kh6 39. Rb1 Qc2 40. Ra1 Qb2 41. Qxa6 d3 42. Rd1 Qxf2+ 43. Kh1 Qe2 44. Qxd3 Qe5 45. Qd6 Qb5 46. Qxf6 Qxb4 47. Rd6 Qe1+ 48. Kh2 Bg1+ 49. Kh1 Bf2+ 50. Kh2 Qg1# 0-1

[Event "Budapest Vezerkepzo IM 06"]
[Site "Budapest"]
[Date "2022.06.19"]
[Round "4"]
[White "Fishchuk, Vladyslav"]
[Black "Majoros, Rozsa Evelin"]
[Result "1-0"]
[WhiteElo "2253"]
[BlackElo "1957"]
[PlyCount "63"]
[EventDate "2022.06.16"]
[EventType "tourn"]
[EventRounds "9"]
[EventCountry "HUN"]
[SourceTitle "CBM 209 Extra"]
[Source "ChessBase"]
[SourceDate "2022.09.30"]
[SourceVersion "1"]
[SourceVersionDate "2022.09.30"]
[SourceQuality "1"]

1. e4 c5 2. Nf3 Nc6 3. d4 cxd4 4. Nxd4 e6 5. Nc3 Qc7 6. Be3 a6 7. Qf3 Nf6 8. 0-0-0 Rb8 9. Nxc6 bxc6 10. Bc4 Be7 11. Bb3 0-0 12. g4 d5 13. g5 Nd7 14. h4 f5 15. exd5 cxd5 16. Bf4 Bd6 17. Nxd5 Bxf4+ 18. Nxf4 Nc5 19. Qe3 Qc6 20. Rhe1 Re8 21. h5 a5 22. h6 a4 23. Bd5 Qb6 24. Qe5 Re7 25. g6 gxh6 26. gxh7+ Kxh7 27. Qxf5+ exf5 28. Rxe7+ Kh8 29. Re8+ Kh7 30. Bg8+ Kh8 31. Be6+ Kh7 32. Re7+ 1-0

[Event "Budapest Vezerkepzo IM 8th"]
[Site "Budapest"]
[Date "2021.08.25"]
[Round "6"]
[White "Bokorovics, Bertalan"]
[Black "Majoros, Rozsa Evelin"]
[Result "1-0"]
[WhiteElo "2215"]
[BlackElo "1932"]
[PlyCount "75"]
[EventDate "2021.08.21"]
[EventType "swiss"]
[EventRounds "10"]
[EventCountry "HUN"]
[SourceTitle "CBM 204 Extra"]
[Source "ChessBase"]
[SourceDate "2021.11.30"]
[SourceVersion "1"]
[SourceVersionDate "2021.11.30"]
[SourceQuality "1"]

1. e4 c5 2. Nf3 Nc6 3. d4 cxd4 4. Nxd4 e6 5. Nc3 Qc7 6. g3 a6 7. Bg2 Nf6 8. 0-0 h5 9. h3 Bc5 10. Nxc6 bxc6 11. Qf3 e5 12. Bg5 Be7 13. Na4 Rb8 14. Qe2 d6 15. c4 a5 16. b3 Be6 17. Rfd1 Qc8 18. h4 Qc7 19. Rac1 Qa7 20. Qe3 c5 21. Bxf6 gxf6 22. Nc3 Qb6 23. Kh2 Rd8 24. Bh3 Qc6 25. Bf5 Bf8 26. Qf3 Ke7 27. Rd3 Bg7 28. Rcd1 a4 29. Bxe6 fxe6 30. Nxa4 f5 31. Nc3 fxe4 32. Qxe4 Qa6 33. Qg6 Bf6 34. Rf3 Rdf8 35. Ne4 Rhg8 36. Qh7+ Rg7 37. Qh6 Rgf7 38. Nxd6 1-0

[Event "Budapest Vezerkepzo IM 8th"]
[Site "Budapest"]
[Date "2021.08.21"]
[Round "1"]
[White "Zentai, Peter1111"]
[Black "Majoros, Rozsa Evelin"]
[Result "1-0"]
[WhiteElo "2288"]
[BlackElo "1932"]
[PlyCount "51"]
[EventDate "2021.08.21"]
[EventType "swiss"]
[EventRounds "10"]
[EventCountry "HUN"]
[SourceTitle "CBM 204 Extra"]
[Source "ChessBase"]
[SourceDate "2021.11.30"]
[SourceVersion "1"]
[SourceVersionDate "2021.11.30"]
[SourceQuality "1"]

1. d4 Nf6 2. c4 e6 3. Nc3 Bb4 4. Qc2 d5 5. a3 Bxc3+ 6. Qxc3 0-0 7. Nf3 dxc4 8. Qxc4 b6 9. Bg5 Ba6 10. Qa4 h6 11. Bh4 c5 12. dxc5 bxc5 13. Rc1 Qb6 14. Bxf6 gxf6 15. Rc2 c4 16. e3 Bb5 17. Qb4 Rc8 18. Be2 Na6 19. Qc3 Ba4 20. Rd2 e5 21. 0-0 Bb3 22. e4 Nc5 23. Qe3 Qc6 24. Nh4 Rab8 25. Nf5 Qxe4 26. Qg3+ 1-0

[Event "Veliko Gradiste Silver Lake op-A"]
[Site "Veliko Gradiste"]
[Date "2021.06.25"]
[Round "4"]
[White "Gkavardinas, Antonios"]
[Black "Majoros, Rozsa Evelin"]
[Result "1-0"]
[WhiteElo "1606"]
[BlackElo "1997"]
[PlyCount "131"]
[EventDate "2021.06.23"]
[EventType "swiss"]
[EventRounds "9"]
[EventCountry "SRB"]
[SourceTitle "CBM 203 Extra"]
[Source "ChessBase"]
[SourceDate "2021.09.30"]
[SourceVersion "1"]
[SourceVersionDate "2021.09.30"]
[SourceQuality "1"]

1. e4 e5 2. Nf3 Nc6 3. Bc4 Nf6 4. d3 Be7 5. 0-0 0-0 6. Nbd2 d6 7. a4 Kh8 8. c3 Ng8 9. d4 f5 10. dxe5 Nxe5 11. Nxe5 dxe5 12. exf5 Bxf5 13. Qe2 Bd6 14. Ne4 Qe8 15. Bd5 Rb8 16. Ng3 Bd7 17. Be4 Nf6 18. Bc2 Bc6 19. b4 b6 20. Bg5 Qf7 21. Nf5 Rbe8 22. Rad1 Nd5 23. Qd2 Qh5 24. b5 Ba8 25. Ng3 Qf7 26. Qd3 Nf6 27. Bxf6 gxf6 28. Qe3 e4 29. Nf5 Be5 30. Qh3 Rd8 31. Rde1 Qc4 32. Qh6 Qf7 33. Bxe4 Bxc3 34. Re2 Bxe4 35. Rxe4 Bd2 36. Qh3 Rfe8 37. Rg4 Rg8 38. Re4 Rge8 39. Rh4 Bg5 40. Rg4 Qe6 41. Ng3 Bd2 42. Qh4 Bg5 43. Qh5 Bd2 44. Re4 Qd7 45. Rd1 f5 46. Rxd2 Rxe4 47. Rxd7 Re1+ 48. Nf1 Rxd7 49. Qxf5 Rg7 50. Qc8+ Rg8 51. Qxc7 Ree8 52. Qxa7 Ra8 53. Qxb6 Rxa4 54. Qf6+ Rg7 55. b6 Ra8 56. h4 Kg8 57. Ng3 Rg6 58. Qd4 Rb8 59. Qd5+ Kf8 60. b7 Ke7 61. Qe5+ Re6 62. Qxb8 Re1+ 63. Kh2 Rb1 64. Qe5+ Kd7 65. Qf5+ Kc7 66. Qxb1 1-0

[Event "Budapest Vezerkepzo FM 2nd"]
[Site "Budapest"]
[Date "2021.04.18"]
[Round "5.1"]
[White "Farago, Sandor"]
[Black "Majoros, Rozsa Evelin"]
[Result "1-0"]
[WhiteElo "2179"]
[BlackElo "1965"]
[PlyCount "57"]
[EventDate "2021.04.14"]
[EventType "schev"]
[EventRounds "10"]
[EventCountry "HUN"]
[SourceTitle "CBM 202 Extra"]
[Source "ChessBase"]
[SourceDate "2021.07.31"]
[SourceVersion "1"]
[SourceVersionDate "2021.07.31"]
[SourceQuality "1"]
[WhiteTeam "Team"]
[BlackTeam "Team II"]
[WhiteTeamCountry "HUN"]
[BlackTeamCountry "HUN"]

1. e4 c5 2. Nf3 Nc6 3. Bc4 e6 4. 0-0 Qc7 5. Re1 Nf6 6. h3 d6 7. c3 Be7 8. d4 0-0 9. d5 exd5 10. exd5 Ne5 11. Bf1 Bf5 12. c4 b5 13. cxb5 c4 14. Nc3 Nd3 15. Bxd3 Bxd3 16. Nd4 Rfe8 17. Nc6 Bf8 18. Rxe8 Rxe8 19. Be3 Ra8 20. Nxa7 Nd7 21. Nc6 g6 22. Bd4 Bg7 23. Bxg7 Kxg7 24. Qg4 Re8 25. Qd4+ Kg8 26. b4 Ne5 27. f4 Nxc6 28. dxc6 Qd8 29. Nd5 1-0

[Event "Budapest Vezerkepzo FM 2nd"]
[Site "Budapest"]
[Date "2021.04.17"]
[Round "4.1"]
[White "Majoros, Rozsa Evelin"]
[Black "Szalanczy, Emil"]
[Result "1-0"]
[WhiteElo "1965"]
[BlackElo "2103"]
[PlyCount "63"]
[EventDate "2021.04.14"]
[EventType "schev"]
[EventRounds "10"]
[EventCountry "HUN"]
[SourceTitle "CBM 202 Extra"]
[Source "ChessBase"]
[SourceDate "2021.07.31"]
[SourceVersion "1"]
[SourceVersionDate "2021.07.31"]
[SourceQuality "1"]
[WhiteTeam "Team II"]
[BlackTeam "Team"]
[WhiteTeamCountry "HUN"]
[BlackTeamCountry "HUN"]

1. e4 c5 2. Nf3 d6 3. d4 cxd4 4. Nxd4 Nf6 5. Nc3 g6 6. Be3 Bg7 7. f3 Nc6 8. Qd2 0-0 9. g4 Qa5 10. h4 Ne5 11. Be2 Bd7 12. h5 Rfc8 13. Nb3 Qb4 14. a3 Qxc3 15. bxc3 Bxg4 16. fxg4 Nxe4 17. Qc1 Rxc3 18. Bd4 Rac8 19. Bxc3 Rxc3 20. Nd4 Nc6 21. Nxc6 Rxc6 22. Bf3 Bc3+ 23. Kf1 d5 24. Bxe4 dxe4 25. Rb1 b6 26. Kg2 Be5 27. h6 f5 28. Rb5 Bf6 29. gxf5 g5 30. Qd2 Rd6 31. Rd5 e3 32. Qxe3 1-0

[Event "Hello Sakk Cup Smyslov"]
[Site "Tornelo INT"]
[Date "2021.02.28"]
[Round "6"]
[White "Leszko, Bence"]
[Black "Majoros, Rozsa Evelin"]
[Result "1-0"]
[WhiteElo "2321"]
[BlackElo "1965"]
[PlyCount "77"]
[EventDate "2021.02.21"]
[EventType "tourn (rapid)"]
[EventRounds "7"]
[EventCountry "HUN"]
[SourceTitle "CBM 200 Extra"]
[Source "ChessBase"]
[SourceDate "2021.03.31"]
[SourceVersion "1"]
[SourceVersionDate "2021.03.31"]
[SourceQuality "1"]

1. e4 c5 2. Nf3 Nc6 3. Bb5 g6 4. Bxc6 bxc6 5. 0-0 Bg7 6. c3 Nf6 7. Re1 0-0 8. h3 d5 9. e5 Ne8 10. d4 cxd4 11. cxd4 Rb8 12. b3 f6 13. Ba3 fxe5 14. Nxe5 Bb7 15. Nd2 Nd6 16. Rc1 Rc8 17. Qg4 Qa5 18. Bxd6 Bxe5 19. Qe6+ Rf7 20. Bxe5 Qxd2 21. Kh2 Rcf8 22. f4 c5 23. dxc5 Bc8 24. Qc6 g5 25. Qh6 Bf5 26. Qxg5+ Bg6 27. c6 Rf5 28. Qg3 d4 29. c7 Rc8 30. Red1 Qxa2 31. Rxd4 Qa5 32. Rcd1 Rxe5 33. Rd8+ Kg7 34. Rxc8 Rc5 35. f5 Rxf5 36. Rg8+ Kxg8 37. c8Q+ Kf7 38. Qc4+ Kg7 39. Qgc3+ 1-0

[Event "Hello Sakk Cup Smyslov"]
[Site "Tornelo INT"]
[Date "2021.02.21"]
[Round "1"]
[White "Majoros, Rozsa Evelin"]
[Black "Gaal, Zsoka"]
[Result "0-1"]
[WhiteElo "1965"]
[BlackElo "2166"]
[PlyCount "66"]
[EventDate "2021.02.21"]
[EventType "tourn (rapid)"]
[EventRounds "7"]
[EventCountry "HUN"]
[SourceTitle "CBM 200 Extra"]
[Source "ChessBase"]
[SourceDate "2021.03.31"]
[SourceVersion "1"]
[SourceVersionDate "2021.03.31"]
[SourceQuality "1"]

1. e4 Nf6 2. e5 Nd5 3. d4 d6 4. Nf3 g6 5. Bc4 c6 6. 0-0 Bg7 7. exd6 Qxd6 8. h3 0-0 9. Re1 Nd7 10. Bb3 N7f6 11. c4 Nc7 12. Nc3 Bf5 13. Be3 Rad8 14. Qe2 Rfe8 15. Rad1 h5 16. c5 Qd7 17. Ne5 Qc8 18. Bxf7+ Kh7 19. Bxe8 Rxe8 20. Bf4 Ncd5 21. Nxd5 Nxd5 22. Bg5 Bf6 23. Nf3 Bxh3 24. Bxf6 Bxg2 25. Ng5+ Kh6 26. Qe5 exf6 27. Qg3 fxg5 28. Qxg2 Nf4 29. Qf3 Rf8 30. Qe3 Qg4+ 31. Qg3 Nh3+ 32. Kf1 Qxg3 33. Rd2 Rxf2+ 0-1

[Event "Skalica Masters op"]
[Site "Skalica"]
[Date "2020.08.25"]
[Round "4"]
[White "Majoros, Rozsa Evelin"]
[Black "Sucikova, Svetlana"]
[Result "1-0"]
[WhiteElo "2003"]
[BlackElo "2171"]
[PlyCount "73"]
[EventDate "2020.08.23"]
[EventType "swiss"]
[EventRounds "9"]
[EventCountry "SVK"]
[SourceTitle "CBM 198 Extra"]
[Source "ChessBase"]
[SourceDate "2020.11.30"]
[SourceVersion "1"]
[SourceVersionDate "2020.11.30"]
[SourceQuality "1"]

1. e4 c6 2. d4 g6 3. Nc3 Bg7 4. f4 d5 5. e5 h5 6. Nf3 Nh6 7. Be3 Bf5 8. Qd2 Nd7 9. Nd1 Nb6 10. b3 0-0 11. Nf2 Nd7 12. h3 f6 13. Rg1 Be4 14. Nxe4 dxe4 15. Nh4 Kh7 16. g4 fxe5 17. fxe5 e6 18. Bg5 Qb6 19. gxh5 Nf5 20. hxg6+ Kg8 21. Nxf5 Rxf5 22. Qe3 Qa5+ 23. Qd2 Qb6 24. 0-0-0 Nxe5 25. Bg2 Nf3 26. Bxf3 exf3 27. Bh6 Bf6 28. Qe3 Re8 29. Rgf1 Qa5 30. Rxf3 Re7 31. Kb1 c5 32. Rxf5 exf5 33. Qf4 Qd8 34. d5 Re5 35. d6 b5 36. d7 Qb8 37. d8Q+ 1-0

[Event "HUN-ch rapid"]
[Site "Ajka"]
[Date "2020.07.18"]
[Round "8"]
[White "Horvath, Adam"]
[Black "Majoros, Rozsa Evelin"]
[Result "1-0"]
[WhiteElo "2488"]
[BlackElo "2003"]
[PlyCount "81"]
[EventDate "2020.07.17"]
[EventType "swiss (rapid)"]
[EventRounds "13"]
[EventCountry "HUN"]
[SourceTitle "CBM 197 Extra"]
[Source "ChessBase"]
[SourceDate "2020.09.30"]
[SourceVersion "1"]
[SourceVersionDate "2020.09.30"]
[SourceQuality "1"]

1. e4 c5 2. Nf3 Nc6 3. g3 e6 4. Bg2 Qc7 5. 0-0 Be7 6. Re1 d6 7. c3 Nf6 8. d4 0-0 9. dxc5 dxc5 10. e5 Nd5 11. Nbd2 Rd8 12. Qe2 a6 13. h4 b5 14. Nf1 Bb7 15. Bg5 b4 16. c4 Nb6 17. N1h2 Nd4 18. Nxd4 Rxd4 19. b3 Bf8 20. h5 Nd7 21. Bxb7 Qxb7 22. Nf3 Rg4 23. Rad1 a5 24. Rd3 a4 25. Bf4 axb3 26. axb3 Nb8 27. Red1 Nc6 28. Rd7 Qb8 29. h6 Ra3 30. hxg7 Rxg7 31. Qe4 Qa8 32. Bh6 Rg6 33. Bxf8 Kxf8 34. R1d6 Rxb3 35. Rxc6 Qa1+ 36. Kg2 Rh6 37. Rc8+ Kg7 38. Rxf7+ Kxf7 39. Qb7+ Kg6 40. Rg8+ Kf5 41. Rg5# 1-0

[Event "HUN-ch rapid"]
[Site "Ajka"]
[Date "2020.07.18"]
[Round "9"]
[White "Majoros, Rozsa Evelin"]
[Black "Egresi, Mate"]
[Result "0-1"]
[WhiteElo "2003"]
[BlackElo "2362"]
[PlyCount "68"]
[EventDate "2020.07.17"]
[EventType "swiss (rapid)"]
[EventRounds "13"]
[EventCountry "HUN"]
[SourceTitle "CBM 197 Extra"]
[Source "ChessBase"]
[SourceDate "2020.09.30"]
[SourceVersion "1"]
[SourceVersionDate "2020.09.30"]
[SourceQuality "1"]

1. e4 d6 2. d4 Nf6 3. Nc3 e5 4. Nf3 Nbd7 5. Bc4 Be7 6. a4 0-0 7. 0-0 c6 8. b3 Qc7 9. Bd3 Re8 10. Ne2 d5 11. Ng3 dxe4 12. Bxe4 Nxe4 13. Nxe4 exd4 14. Nxd4 Nf6 15. Re1 Bg4 16. f3 Bh5 17. Bb2 Rad8 18. Qc1 Nxe4 19. Rxe4 Bg6 20. Re1 Bd6 21. h3 Bf4 22. Rxe8+ Rxe8 23. Qf1 Qe7 24. Kh1 Bb8 25. f4 Be4 26. Rd1 Qh4 27. Nf3 Qxf4 28. Qe2 h6 29. Rd4 Kh7 30. Rxe4 Rxe4 31. Qd3 f5 32. Qc3 Qg3 33. Bc1 Bf4 34. Bb2 Re3 0-1

[Event "HUN-ch rapid"]
[Site "Ajka"]
[Date "2020.07.18"]
[Round "7"]
[White "Majoros, Rozsa Evelin"]
[Black "Nemeth, Zoltan"]
[Result "1-0"]
[WhiteElo "2003"]
[BlackElo "2210"]
[PlyCount "85"]
[EventDate "2020.07.17"]
[EventType "swiss (rapid)"]
[EventRounds "13"]
[EventCountry "HUN"]
[SourceTitle "CBM 197 Extra"]
[Source "ChessBase"]
[SourceDate "2020.09.30"]
[SourceVersion "1"]
[SourceVersionDate "2020.09.30"]
[SourceQuality "1"]

1. e4 c5 2. Nf3 b6 3. d4 cxd4 4. Nxd4 Bb7 5. Bd3 a6 6. c4 Qc7 7. Nc3 e6 8. a3 d6 9. 0-0 Nd7 10. Be3 Ngf6 11. Rc1 Be7 12. f3 0-0 13. b4 Rfe8 14. Na4 Rac8 15. Qd2 Qb8 16. Nb3 Bd8 17. Kh1 Bc7 18. Bg1 Rcd8 19. Qc2 Rc8 20. Rb1 Bc6 21. Nb2 d5 22. exd5 exd5 23. c5 Bb5 24. Nd4 bxc5 25. bxc5 Nxc5 26. Bxb5 axb5 27. Qxc5 Bxh2 28. Qxb5 Qxb5 29. Nxb5 Bxg1 30. Kxg1 Re2 31. Rf2 Re6 32. Nd3 g6 33. a4 Ra6 34. Ra2 Nd7 35. a5 Rc4 36. Nb4 Ra8 37. Nxd5 Rc5 38. Ndc7 Rc8 39. a6 Nb6 40. a7 Na8 41. Nxa8 Rxa8 42. Nd6 Kg7 43. Rb8 1-0

[Event "HUN-chT2 Maroczy 1819"]
[Site "Hungary"]
[Date "2019.01.27"]
[Round "6.11"]
[White "Tesber, Gabor"]
[Black "Majoros, Rozsa Evelin"]
[Result "0-1"]
[WhiteElo "2011"]
[BlackElo "1861"]
[PlyCount "62"]
[EventDate "2018.09.23"]
[EventType "team-tourn"]
[EventRounds "11"]
[EventCountry "HUN"]
[SourceTitle "EXT 2020"]
[Source "ChessBase"]
[SourceDate "2019.10.17"]
[SourceVersion "1"]
[SourceVersionDate "2019.10.17"]
[SourceQuality "1"]
[WhiteTeam "Lillafured DVTK II"]
[BlackTeam "Taban Spartacus"]
[WhiteTeamCountry "HUN"]
[BlackTeamCountry "HUN"]

1. c4 d6 2. Nc3 e5 3. Nf3 g6 4. g3 Bg7 5. Bg2 f5 6. 0-0 Nc6 7. e3 Nf6 8. d4 0-0 9. d5 Ne7 10. Qe2 h6 11. Nd2 g5 12. f4 Ng6 13. fxe5 dxe5 14. b3 e4 15. Ba3 Re8 16. Rad1 Ne5 17. Bb2 Nd3 18. Ba1 Ng4 19. Nb5 Nge5 20. Bxe5 Bxe5 21. Qh5 Bd7 22. Nxe4 Bg7 23. Nxg5 Rxe3 24. Nf7 Qf6 25. Nxc7 Rc8 26. d6 Qd4 27. Kh1 Bc6 28. Nxh6+ Bxh6 29. Qxh6 Bxg2+ 30. Kxg2 Re2+ 31. Kh3 Qg4# 0-1

[Event "HUN-chT2 Maroczy 1718"]
[Site "Hungary"]
[Date "2018.05.06"]
[Round "9.12"]
[White "Majoros, Rozsa Evelin"]
[Black "Vanczak, Virag"]
[Result "1-0"]
[WhiteElo "1919"]
[BlackElo "1801"]
[PlyCount "51"]
[EventDate "2017.10.29"]
[EventType "team-tourn"]
[EventRounds "9"]
[EventCountry "HUN"]
[SourceTitle "EXT 2021"]
[Source "ChessBase"]
[SourceDate "2020.10.23"]
[SourceVersion "1"]
[SourceVersionDate "2020.10.23"]
[SourceQuality "1"]
[WhiteTeam "Taban Spartacus"]
[BlackTeam "Miskolc KisBocsok"]
[WhiteTeamCountry "HUN"]
[BlackTeamCountry "HUN"]

1. e4 c5 2. Nf3 d6 3. d4 cxd4 4. Nxd4 Nf6 5. Nc3 g6 6. Be3 Bg7 7. f3 0-0 8. Qd2 Nc6 9. g4 a6 10. h4 h5 11. gxh5 Nxh5 12. 0-0-0 Bd7 13. Rg1 b5 14. Nd5 Rc8 15. Nxc6 Rxc6 16. Nf4 Nxf4 17. Bxf4 Qc7 18. h5 Rc8 19. Bd3 Be6 20. hxg6 Rxc2+ 21. Bxc2 Bxa2 22. gxf7+ Kxf7 23. e5 dxe5 24. Qg2 Bf6 25. Qg6+ Ke6 26. Bxe5 1-0

[Event "HUN-chT2 Maroczy 1718"]
[Site "Hungary"]
[Date "2018.03.04"]
[Round "7.12"]
[White "Fule, Simon"]
[Black "Majoros, Rozsa Evelin"]
[Result "1-0"]
[WhiteElo "2000"]
[BlackElo "1919"]
[PlyCount "135"]
[EventDate "2017.10.29"]
[EventType "team-tourn"]
[EventRounds "9"]
[EventCountry "HUN"]
[SourceTitle "EXT 2021"]
[Source "ChessBase"]
[SourceDate "2020.10.23"]
[SourceVersion "1"]
[SourceVersionDate "2020.10.23"]
[SourceQuality "1"]
[WhiteTeam "Budapest Kobanya II"]
[BlackTeam "Taban Spartacus"]
[WhiteTeamCountry "HUN"]
[BlackTeamCountry "HUN"]

1. e4 c6 2. d4 d5 3. Nd2 dxe4 4. Nxe4 Bf5 5. Ng3 Bg6 6. h4 h6 7. Nf3 Nd7 8. h5 Bh7 9. Bd3 Bxd3 10. Qxd3 e6 11. Bd2 Ngf6 12. 0-0-0 Be7 13. Ne4 Nxe4 14. Qxe4 Nf6 15. Qe2 0-0 16. Kb1 Qb6 17. g4 Ba3 18. Bc1 Nd5 19. Ka1 Bb4 20. c4 Qa6 21. Qc2 Nb6 22. b3 f6 23. Kb1 Ba3 24. Be3 Qa5 25. Rhg1 Rad8 26. Nh4 e5 27. Bxh6 Rxd4 28. Bxg7 Rf7 29. Rxd4 exd4 30. Bh6 Qc3 31. Qg6+ Kh8 32. Bc1 Nxc4 33. Qc2 Bxc1 34. Qxc3 dxc3 35. Kxc1 Nd6 36. Re1 Kh7 37. Kc2 Nb5 38. a4 Nc7 39. Kxc3 b5 40. Nf5 Nd5+ 41. Kd4 Nf4 42. Re7 Rxe7 43. Nxe7 bxa4 44. bxa4 c5+ 45. Ke4 Ne2 46. Nd5 Kg7 47. Kd3 Nd4 48. Kc4 Nf3 49. Kxc5 Ne5 50. Ne3 Nd3+ 51. Kb5 Nxf2 52. Ka6 Kh6 53. Kxa7 Kg5 54. a5 f5 55. gxf5 Kxh5 56. a6 Ne4 57. Kb6 Nd6 58. a7 Nc8+ 59. Kb7 Nxa7 60. Kxa7 Kg5 61. Kb6 Kf6 62. Kc6 Ke5 63. Kd7 Kf6 64. Kd6 Kf7 65. Ng4 Kf8 66. Ke6 Ke8 67. f6 Kf8 68. f7 1-0